A Testament of Devotion and Thomas Kelly, Augustinian Quaker /
Guy Aiken provides a critical appreciation of Quaker mystic Thomas Kelly (1893-1941) and his classic A Testament of Devotion (1941). This examination of Kelly's life and devotional writings is largely viewed through an Augustinian lens; Augustine's Confessions was a touchstone for Kelly af...
المؤلف الرئيسي:
التنسيق: كتاب الكتروني
اللغة: English
منشور في:
Leiden; Boston :
BRILL,
2021.
سلاسل:
Brill Research Perspectives in Humanities and Social Sciences.
Religious Studies, Theology and Philosophy E-Books Online, Collection 2021, ISBN: 9789004441309.
الموضوعات:
الوصول للمادة أونلاين: Login to view Source
الوسوم: إضافة وسم
رقم الطلب: BL1
| LEADER | 02949nam a22004691i 4500 | ||
|---|---|---|---|
| 001 | BRILL9789004459250 | ||
| 003 | nllekb | ||
| 005 | 20210602103753.0 | ||
| 006 | m d | ||
| 007 | cr un uuuua | ||
| 008 | 200716s2021 ne sb 001 0 eng d | ||
| 020 | |a 9789004459250 |q (electronic book) | ||
| 020 | |a 9789004459243 |q (print) | ||
| 024 | 7 | |a 10.1163/9789004459250 |2 DOI | |
| 035 | |z (OCoLC)1228030721 | ||
| 040 | |a NL-LeKB |c NL-LeKB |e rda | ||
| 050 | 4 | |a BL1 | |
| 072 | 7 | |a HRCS1 |2 bicssc | |
| 072 | 7 | |a REL |x 070000 |2 bisacsh | |
| 072 | 7 | |a REL |x 047000 |2 bisacsh | |
| 082 | 0 | 4 | |a 200 |2 23 |
| 100 | 1 | |a Aiken, Guy, |e author. | |
| 245 | 1 | 2 | |a A Testament of Devotion and Thomas Kelly, Augustinian Quaker / |c Guy Aiken. |
| 264 | 1 | |a Leiden; |a Boston : |b BRILL, |c 2021. | |
| 300 | |a 1 online resource. | ||
| 336 | |a text |b txt |2 rdacontent | ||
| 337 | |a computer |b c |2 rdamedia | ||
| 338 | |a online resource |2 rdacarrier | ||
| 490 | 1 | |a Brill Research Perspectives in Humanities and Social Sciences | |
| 490 | 1 | |a Religious Studies, Theology and Philosophy E-Books Online, Collection 2021, ISBN: 9789004441309 | |
| 504 | |a Includes bibliographical references and index. | ||
| 505 | 0 | |a Abstract 1 -- Keywords -- 1 Introduction: Thomas Kelly, Augustinian Quaker -- 2 Theology: Kelly's Melding of Liberalism and Evangelicalism -- 3 History: Kelly's Challenge to the Social Gospel -- 4 Ethics: Kelly's Revival of an Ancient Way of Living -- 5 Conclusion: Openings for Further Scholarship -- 6 Postscript -- References -- Archives. | |
| 520 | |a Guy Aiken provides a critical appreciation of Quaker mystic Thomas Kelly (1893-1941) and his classic A Testament of Devotion (1941). This examination of Kelly's life and devotional writings is largely viewed through an Augustinian lens; Augustine's Confessions was a touchstone for Kelly after his mystical transformation in 1937-38. Aiken argues that Kelly's vision of Quakerism transcended religious and historical boundaries, while still speaking directly, and prophetically, to mid-twentieth-century liberal Quakerism and Christianity in the United States. The volume treats, in turn, Kelly's melding of liberal and evangelical theology, his prophetic call to his contemporaries, and his revival of an ancient ethic, before concluding with helpful suggestions for further research. | ||
| 588 | |a Description based on print version record. | ||
| 650 | 0 | |a Religion. | |
| 776 | 0 | 8 | |i Print version: |t A Testament of Devotion and Thomas Kelly, Augustinian Quaker, |d Leiden ; Boston : BRILL, 2021 |z 9789004459243 |
| 830 | 0 | |a Brill Research Perspectives in Humanities and Social Sciences. | |
| 830 | 0 | |a Religious Studies, Theology and Philosophy E-Books Online, Collection 2021, ISBN: 9789004441309. | |
| 856 | 4 | |z DOI: |u http://dx.doi.org/10.1163/9789004459250 | |
| 942 | |c EBOOK | ||
| 952 | |0 0 |1 0 |4 0 |7 1 |9 15445 |a BRILL |b BRILL |d 2021-06-02 |l 0 |r 2021-06-02 00:00:00 |w 2021-06-02 |y EBOOK | ||
| 999 | |c 36892 |d 36892 | ||
